Wszystkie kluby, które zajęły ostatnie miejsce w Premier League - Statystyki

Ogólne statystyki
  • Ten quiz został rozwiązany 35 razy
  • Średni wynik to 18 z 33
Statystyki odpowiedzi
Hint Odpowiedź % Poprawnych
01/02 Leicester
94%
24/25 Southampton
74%
22/23 Southampton
74%
04/05 Southampton
74%
10/11 West Ham
71%
16/17 Sunderland
68%
05/06 Sunderland
68%
02/03 Sunderland
68%
11/12 Wolverhampton
65%
03/04 Wolverhampton
65%
15/16 Aston Villa
58%
98/99 Nottingham
58%
96/97 Nottingham
58%
92/93 Nottingham
58%
14/15 QPR
55%
12/13 QPR
55%
07/08 Derby
52%
21/22 Norwich
52%
19/20 Norwich
52%
17/18 West Brom
52%
08/09 West Brom
52%
13/14 Cardiff
48%
94/95 Ipswich
48%
95/96 Bolton
45%
23/24 Sheffield Utd
45%
20/21 Sheffield Utd
45%
09/10 Portsmouth
42%
97/98 Crystal Palace
39%
18/19 Huddersfield
35%
06/07 Watford
32%
1999/2000 Watford
32%
00/01 Bradford City
19%
93/94 Swindon
13%
Nie znaleziono quizów pasujących do podanych kryteriów
Rozkład punktacji
Procent ludzi z każdym wynikiem
Percentyl według liczby udzielonych odpowiedzi
Twoja historia wyników
Nie rozwiązałeś tego quizu